<?xml version="1.0" encoding="UTF-8"?>
<collection xmlns="http://www.loc.gov/MARC21/slim">
 <record>
  <leader>     na                 </leader>
  <controlfield tag="001">INLIS000000000003414</controlfield>
  <controlfield tag="005">20221112104454</controlfield>
  <datafield tag="035" ind1=" " ind2=" ">
   <subfield code="a">0010-0520003414</subfield>
  </datafield>
  <controlfield tag="008">221112                |          | eng  </controlfield>
  <datafield tag="020" ind1=" " ind2=" ">
   <subfield code="a">0131861360</subfield>
  </datafield>
  <datafield tag="041" ind1=" " ind2=" ">
   <subfield code="a">eng</subfield>
  </datafield>
  <datafield tag="082" ind1=" " ind2=" ">
   <subfield code="a">658.4</subfield>
  </datafield>
  <datafield tag="084" ind1=" " ind2=" ">
   <subfield code="a">658.4 KLU s</subfield>
  </datafield>
  <datafield tag="100" ind1="0" ind2=" ">
   <subfield code="a">Kluyver, Cornelis A.de</subfield>
  </datafield>
  <datafield tag="700" ind1="0" ind2=" ">
   <subfield code="a">and John A. Pearce II</subfield>
  </datafield>
  <datafield tag="245" ind1="1" ind2=" ">
   <subfield code="a">Strategy :</subfield>
   <subfield code="b">A View From The Top (An Executive Perspective) /</subfield>
   <subfield code="c">Cornelis A.de Kluyver and John A. Pearce II</subfield>
  </datafield>
  <datafield tag="250" ind1=" " ind2=" ">
   <subfield code="a">2nd ed.</subfield>
  </datafield>
  <datafield tag="260" ind1=" " ind2=" ">
   <subfield code="a">New Jersey :</subfield>
   <subfield code="b">Elsevier,</subfield>
   <subfield code="c">2006</subfield>
  </datafield>
  <datafield tag="300" ind1=" " ind2=" ">
   <subfield code="a">xvi, 159 p. :</subfield>
   <subfield code="b">: illus. ;</subfield>
   <subfield code="c">24 cm</subfield>
  </datafield>
  <datafield tag="500" ind1=" " ind2=" ">
   <subfield code="a">Indeks : p. 155 - 159</subfield>
  </datafield>
  <datafield tag="520" ind1=" " ind2=" ">
   <subfield code="a">&quot;Corporate success depends to a considerable degree on the ability of senior executives to craft and implement effective strategies. Companies that enjoy to competitive advantage over their rivals typically have a better grasp of what their customers prefer, how they can create value, who their competitors are, and how they behave. This book is designed to be a practical guide for executives, MBA, and Executive MBA students, and serve as background reading in a wide variety of strategy courses. As the first edition, this edition is brief, practical in focus, highly readable, and maintains a top-management perspective throughout. New in the second edition: ? A Chapter on ?Strategy and Performance? explicitly linking strategy formulation to implementation and organizational change., ? More extensive discussion of globalization as a driver of strategy formulation., ? A new section on industry evolution and its implications for crafting a strategy., ? A greater focus on knowledge and brand value as strategic resources., ? Expanded coverage of corporate strategy including a discussion of what is core, when to diversity away from the core, and of ways to manage a diversified portfolio of business.</subfield>
  </datafield>
  <datafield tag="650" ind1=" " ind2="4">
   <subfield code="a">Startegic  Management - Executive Ability</subfield>
  </datafield>
  <datafield tag="650" ind1=" " ind2="4">
   <subfield code="a">Personnel directors</subfield>
  </datafield>
  <datafield tag="650" ind1=" " ind2="4">
   <subfield code="a">Strategic Planning</subfield>
  </datafield>
  <datafield tag="990" ind1=" " ind2=" ">
   <subfield code="a">11173/MKRI-P/XII-2008</subfield>
  </datafield>
  <datafield tag="990" ind1=" " ind2=" ">
   <subfield code="a">11174/MKRI-P/XII-2008</subfield>
  </datafield>
  <datafield tag="990" ind1=" " ind2=" ">
   <subfield code="a">11174/MKRI-P/XII-2008</subfield>
  </datafield>
  <datafield tag="990" ind1=" " ind2=" ">
   <subfield code="a">11173/MKRI-P/XII-2008</subfield>
  </datafield>
  <datafield tag="990" ind1=" " ind2=" ">
   <subfield code="a">11173/MKRI-P/XII-2008</subfield>
  </datafield>
  <datafield tag="990" ind1=" " ind2=" ">
   <subfield code="a">11174/MKRI-P/XII-2008</subfield>
  </datafield>
  <datafield tag="990" ind1=" " ind2=" ">
   <subfield code="a">11173/MKRI-P/XII-2008</subfield>
  </datafield>
  <datafield tag="990" ind1=" " ind2=" ">
   <subfield code="a">11174/MKRI-P/XII-2008</subfield>
  </datafield>
 </record>
</collection>
